书目信息 |
| 题名: |
圆柱函数
|
|
| 作者: | 刘颖 编著 | |
| 分册: | ||
| 出版信息: | 北京 国防工业出版社 1983 |
|
| 页数: | 205页 | |
| 开本: | 21cm | |
| 丛书名: | 应用数学丛书 | |
| 单 册: | ||
| 中图分类: | O174.63 , O174.6 | |
| 科图分类: | ||
| 主题词: | 柱函数 , 数学分析 | |
| 电子资源: | ||
| ISBN: | ||
| 000 | 00717nam2 2200289 45 | |
| 001 | 0183012160 | |
| 005 | 20040520162547.3 | |
| 010 | @dCNY0.87 | |
| 091 | @a15034.2446 | |
| 100 | @a19950623d1983 em y0chiy0121 ea | |
| 101 | 0 | @achi |
| 102 | @aCN@b110000 | |
| 105 | @ay z 000yy | |
| 106 | @ar | |
| 200 | 10 | @a圆柱函数@Ayuan zhu han shu@f刘颖编著 |
| 210 | @a北京@c国防工业出版社@d1983 | |
| 215 | @a205页@d21cm | |
| 225 | 2 | @a应用数学丛书 |
| 410 | 0 | @120010@a应用数学丛书 |
| 606 | @a柱函数 | |
| 606 | 0 | @a数学分析 |
| 690 | @aO174.63@v3 | |
| 690 | @aO174.6 | |
| 701 | 0 | @a刘颖@Aliu ying@4编著 |
| 801 | 0 | @aCN@b上海图书馆@c20040520 |
| 801 | 2 | @aCN@bNLC@c20040520 |
| 905 | @f3@b82786-788@dO174.6@e47 | |
| 圆柱函数/刘颖编著.-北京:国防工业出版社,1983 |
| 205页;21cm.-(应用数学丛书) |
| ISBN :CNY0.87 |
| ● |
| 相关链接 |
|
|
|
|
正题名:圆柱函数
索取号:O174.6/47
 
预约/预借
| 序号 | 登录号 | 条形码 | 馆藏地/架位号 | 状态 | 备注 |
| 1 | 0082786 | 000421902 | 密集书库/ [索取号:O174.6/47] | 在馆 | |
| 2 | 0082787 | 000421877 | 密集书库/ [索取号:O174.6/47] | 在馆 | |
| 3 | 0082788 | 000421886 | 密集书库/ [索取号:O174.6/47] | 在馆 |